000 00723nam a2200193Ia 4500
003 GCL
008 140319s9999 xx 000 0 ara d
020 _a0399201977
040 _aGCL /
_cGCL
082 0 4 _aق
_b962.08
_bع ص
100 1 _aعبدالعظيم رمضان
245 1 0 _aالصراع الاجتماعى و السياسى فى عصر مبارك ج4 /
_cعبدالعظيم رمضان
260 _aالقاهرة :
_bالهيئة المصرية العامة للكتاب ،
_c1994
300 _a671 ص ؛
_c22 سم
650 0 4 _aمصر - الاحوال السياسية
650 0 4 _aمصر - الاحوال الاجتماعية
650 0 4 _aمصر - تاريخ - العصر الحديث
942 _2ddc
_cBK
999 _c8801
_d8801